[Event "WY U-16 Chess Olympiad 2019"]
[Site "Corum"]
[Date "2019.10.31"]
[Round "4"]
[White "Vithanage, I A"]
[Black "Veiga, Jose Francisco R P N"]
[Result "0-1"]
[WhiteElo "1600"]
[BlackElo "2325"]
[Annotator "NA"]
[PlyCount "114"]
[EventDate "2019.10.28"]
[EventType "team-tourn"]
[EventCountry "TUR"]
[SourceTitle "playchess.com"]
[Source "ChessBase"]
[SourceQuality "1"]

1. e4 e5 2. Nf3 Nc6 3. Bb5 a6 4. Ba4 Nf6 5. O-O Be7 6. Re1 b5 7. Bb3 d6 8. c3 O-O 9. h3 Nb8 10. d4 Nbd7 11. Nbd2 Bb7 12. Bc2 Re8 13. Nf1 Bf8 14. Ng3 g6 15. Bd2 Bg7 16. Qc1 exd4 17. cxd4 c5 18. Bh6 cxd4 19. Bxg7 Kxg7 20. Nxd4 Qb6 21. Qd2 d5 22. e5 Rxe5 23. Rxe5 Nxe5 24. Qg5 Ned7 25. Re1 Kh8 26. Nf3 Rc8 27. Bb3 a5 28. Re7 Qc5 29. Rxf7 Kg8 30. Ne5 Qc1+ 31. Qxc1 Rxc1+ 32. Kh2 a4 33. Re7 Nxe5 34. Bxd5+ Bxd5 35. Rxe5 Rc2 36. Ne2 Rxb2 37. Nc3 Bxa2 38. Nxb5 Rxf2 39. Nc7 Rc2 40. Nb5 Bd5 41. Rg5 Kg7 42. Nd4 Rd2 43. Nf5+ Kf8 44. Ne3 a3 45. Nxd5 Rxd5 46. Rg3 Ra5 47. Rf3 a2 48. Rxf6+ Kg7 49. Rf1 a1=Q 50. Rxa1 Rxa1 51. g4 Ra3 52. Kg2 Kf6 53. Kh2 Kg5 54. Kg2 Kf4 55. Kh2 Ra2+ 56. Kh1 Kg3 57. h4 Ra1# 0-1

[Event "WY U-16 Chess Olympiad 2019"]
[Site "Corum"]
[Date "2019.10.31"]
[Round "4"]
[White "Taban, Yagiz"]
[Black "Deng Jing Xin Crystal"]
[Result "0-1"]
[WhiteElo "1591"]
[BlackElo "1944"]
[Annotator "NA"]
[PlyCount "52"]
[EventDate "2019.10.28"]
[EventType "team-tourn"]
[EventCountry "TUR"]
[SourceTitle "playchess.com"]
[Source "ChessBase"]
[SourceQuality "1"]

1. b3 d5 2. Bb2 e6 3. e3 Nf6 4. f4 b6 5. Nf3 Bb7 6. Bb5+ c6 7. Be2 Be7 8. O-O O-O 9. Ne5 c5 10. d3 Nc6 11. Nd2 Nxe5 12. Bxe5 Nd7 13. Bb2 Bf6 14. d4 cxd4 15. exd4 Nc5 16. c3 Ne4 17. Bd3 Rc8 18. Rc1 Nxc3 19. Bxc3 Rxc3 20. Rxc3 Bxd4+ 21. Kh1 Bxc3 22. Nf3 g6 23. Ne5 Bxe5 24. fxe5 f5 25. Qe1 Qg5 26. Rf3 Rc8 0-1

[Event "WY U-16 Chess Olympiad 2019"]
[Site "Corum"]
[Date "2019.10.31"]
[Round "4"]
[White "Dinham, James"]
[Black "Mohamed Ali S"]
[Result "1-0"]
[WhiteElo "1589"]
[BlackElo "1073"]
[Annotator "NA"]
[PlyCount "37"]
[EventDate "2019.10.28"]
[EventType "team-tourn"]
[EventCountry "TUR"]
[SourceTitle "playchess.com"]
[Source "ChessBase"]
[SourceQuality "1"]

1. e4 e5 2. Nf3 Nc6 3. Bc4 Nf6 4. d3 Bc5 5. O-O O-O 6. c3 a6 7. a4 d6 8. h3 h6 9. Re1 Re8 10. Nbd2 Bd7 11. Nf1 Nh5 12. Ng5 Nf4 13. Bxf4 hxg5 14. Qh5 g6 15. Qxg6+ Kh8 16. Qh6+ Kg8 17. Bxg5 Ne7 18. Bf6 Ng6 19. Qg7# 1-0

[Event "WY U-16 Chess Olympiad 2019"]
[Site "Corum"]
[Date "2019.10.31"]
[Round "4"]
[White "Babayeva, Nasrin"]
[Black "Vojta, Jakub"]
[Result "0-1"]
[WhiteElo "1547"]
[BlackElo "2134"]
[Annotator "NA"]
[PlyCount "60"]
[EventDate "2019.10.28"]
[EventType "team-tourn"]
[EventCountry "TUR"]
[SourceTitle "playchess.com"]
[Source "ChessBase"]
[SourceQuality "1"]

1. c4 c5 2. Nc3 Nf6 3. g3 d5 4. cxd5 Nxd5 5. Bg2 Nc7 6. d3 e5 7. Nf3 Nc6 8. O-O Be7 9. a3 f6 10. Bd2 Be6 11. Rb1 O-O 12. Qc2 Qd7 13. Na4 Na6 14. e3 Rfd8 15. Ne1 c4 16. b4 cxb3 17. Qb2 Rac8 18. f4 b5 19. Nc3 b4 20. axb4 Naxb4 21. f5 Bf7 22. Be4 Nb8 23. Ra1 N8a6 24. Nf3 Nxd3 25. Bxd3 Qxd3 26. Rfd1 Bc5 27. Ne1 Bxe3+ 28. Kg2 Qxd2+ 29. Rxd2 Rxd2+ 30. Qxd2 Bxd2 0-1

[Event "WY U-16 Chess Olympiad 2019"]
[Site "Corum"]
[Date "2019.10.31"]
[Round "4"]
[White "Magzumov, Damirali"]
[Black "Velkovski, Kristijan"]
[Result "1-0"]
[WhiteElo "1522"]
[BlackElo "1866"]
[Annotator "NA"]
[PlyCount "75"]
[EventDate "2019.10.28"]
[EventType "team-tourn"]
[EventCountry "TUR"]
[SourceTitle "playchess.com"]
[Source "ChessBase"]
[SourceQuality "1"]

1. e4 e5 2. Nf3 Nc6 3. Bb5 a6 4. Ba4 Nf6 5. O-O b5 6. Bb3 Bc5 7. a4 Rb8 8. c3 d6 9. d4 Bb6 10. a5 Ba7 11. h3 O-O 12. Be3 Ra8 13. Nbd2 h6 14. Qc2 Re8 15. Rfd1 Qe7 16. Nf1 Bb7 17. d5 Nb8 18. Bxa7 Rxa7 19. Ng3 Bc8 20. Qd2 Ra8 21. Re1 Nh7 22. Rac1 Qf6 23. Re3 Nd7 24. Bd1 Ndf8 25. c4 bxc4 26. Rxc4 Re7 27. Qc1 Ra7 28. Rec3 Ng5 29. Rxc7 Raxc7 30. Rxc7 Rxc7 31. Qxc7 Bd7 32. Nxg5 Qxg5 33. Be2 Qd2 34. Qc3 Qxc3 35. bxc3 Bc8 36. Nf5 Bxf5 37. exf5 g6 38. Bxa6 1-0

[Event "WY U-16 Chess Olympiad 2019"]
[Site "Corum"]
[Date "2019.10.31"]
[Round "4"]
[White "Louw, Carlo"]
[Black "Claassen, Anke"]
[Result "1-0"]
[WhiteElo "1518"]
[BlackElo "1295"]
[Annotator "NA"]
[PlyCount "95"]
[EventDate "2019.10.28"]
[EventType "team-tourn"]
[EventCountry "TUR"]
[SourceTitle "playchess.com"]
[Source "ChessBase"]
[SourceQuality "1"]

1. e4 c5 2. Nf3 d6 3. c4 Nf6 4. Nc3 g6 5. d4 cxd4 6. Nxd4 Bg7 7. Be2 Nc6 8. Be3 O-O 9. f3 Bd7 10. Qd2 Qc7 11. O-O a6 12. Rac1 Nxd4 13. Bxd4 Rac8 14. Rc2 e6 15. Rfc1 e5 16. Be3 h5 17. Kh1 Be6 18. b3 Rfd8 19. Nd5 Bxd5 20. cxd5 Qd7 21. Bb6 Rxc2 22. Qxc2 Re8 23. Qc7 Re7 24. Qb8+ Re8 25. Qc7 Re7 26. Qxd7 Rxd7 27. Rc8+ Kh7 28. b4 Re7 29. b5 Re8 30. Rxe8 Nxe8 31. bxa6 bxa6 32. Bxa6 f5 33. exf5 gxf5 34. Bc8 Kg6 35. a4 Nf6 36. Be6 Bh6 37. a5 e4 38. a6 e3 39. Kg1 Ne8 40. a7 e2 41. Kf2 Be3+ 42. Bxe3 Nc7 43. Kxe2 Kf6 44. Bd4+ Kg5 45. Bf7 h4 46. Bg7 Kf4 47. Bf6 h3 48. g3# 1-0

[Event "WY U-16 Chess Olympiad 2019"]
[Site "Corum"]
[Date "2019.10.31"]
[Round "4"]
[White "Haile, Batel Goitom"]
[Black "Jingjang, Shin"]
[Result "0-1"]
[WhiteElo "1474"]
[BlackElo "1584"]
[Annotator "NA"]
[PlyCount "76"]
[EventDate "2019.10.28"]
[EventType "team-tourn"]
[EventCountry "TUR"]
[SourceTitle "playchess.com"]
[Source "ChessBase"]
[SourceQuality "1"]

1. e4 e6 2. d4 d5 3. Nd2 Nf6 4. e5 Nfd7 5. c3 c5 6. f4 Nc6 7. Ndf3 cxd4 8. cxd4 Qb6 9. a3 Be7 10. b4 f6 11. Bd3 a6 12. Ne2 O-O 13. Be3 fxe5 14. fxe5 Ndxe5 15. dxe5 Qxe3 16. Qc2 h6 17. Qd2 Qxd2+ 18. Kxd2 Bd7 19. Rhf1 Rac8 20. g3 Bd8 21. Nf4 g5 22. Ng6 Rf7 23. h3 Kg7 24. h4 Be8 25. h5 g4 26. Nfh4 Bg5+ 27. Nf4 Nxe5 28. a4 Nxd3 29. Kxd3 Rxf4 30. gxf4 Bxh4 31. Rh1 Bf2 32. Rh2 g3 33. Rg2 Bxh5 34. Rf1 Bg6+ 35. Kd2 Rc2+ 36. Kd1 Ra2 37. a5 Bh5+ 38. Kc1 Be3+ 0-1

[Event "WY U-16 Chess Olympiad 2019"]
[Site "Corum"]
[Date "2019.10.31"]
[Round "4"]
[White "Gardiner, Noa Saxon"]
[Black "Claassen, Jean-Daniel"]
[Result "1/2-1/2"]
[WhiteElo "1311"]
[BlackElo "1573"]
[Annotator "NA"]
[PlyCount "135"]
[EventDate "2019.10.28"]
[EventType "team-tourn"]
[EventCountry "TUR"]
[SourceTitle "playchess.com"]
[Source "ChessBase"]
[SourceQuality "1"]

1. e4 c5 2. Nc3 g6 3. g3 Nc6 4. Bg2 Bg7 5. d3 e6 6. Be3 b6 7. Qd2 h6 8. Nge2 Nge7 9. d4 d5 10. exd5 exd5 11. Rd1 c4 12. Nf4 Be6 13. O-O O-O 14. Nxe6 fxe6 15. Bxh6 Nf5 16. Bxg7 Kxg7 17. Ne2 Qf6 18. c3 Rh8 19. Qf4 Rac8 20. g4 g5 21. Qf3 Qh6 22. h3 Nh4 23. Qg3 Nxg2 24. Kxg2 Rcf8 25. f4 Qh7 26. f5 Ne7 27. Qe5+ Rf6 28. Ng1 Rhf8 29. Rf2 Kg8 30. Rdf1 exf5 31. gxf5 Rxf5 32. Rxf5 Rxf5 33. Rxf5 Nxf5 34. Qxd5+ Kf8 35. Qd8+ Kf7 36. Qc7+ Ne7 37. Qxc4+ Kf6 38. Qe2 Qb1 39. Qf1+ Qxf1+ 40. Kxf1 Kf5 41. Kf2 Kf4 42. c4 Ke4 43. d5 Nf5 44. Ne2 Nd6 45. Nc3+ Ke5 46. b3 a6 47. Kf3 Kd4 48. Na4 b5 49. cxb5 axb5 50. Nb2 Kxd5 51. Kg4 Ne4 52. Kf3 Kd4 53. a4 b4 54. a5 Nc5 55. a6 Nxa6 56. Kg4 Kc3 57. Kxg5 Kxb2 58. h4 Nc5 59. h5 Ne6+ 60. Kf6 Nf8 61. h6 Kxb3 62. Kg7 Ne6+ 63. Kf6 Nf8 64. Kf7 Nh7 65. Kg7 Kc4 66. Kxh7 b3 67. Kg7 b2 68. h7 1/2-1/2

[Event "WY U-16 Chess Olympiad 2019"]
[Site "Corum"]
[Date "2019.10.31"]
[Round "4"]
[White "Gardiner, Noa Saxon"]
[Black "Claassen, Jean-Daniel"]
[Result "*"]
[WhiteElo "1311"]
[BlackElo "1573"]
[Annotator "NA"]
[PlyCount "37"]
[EventDate "2019.10.28"]
[EventType "team-tourn"]
[EventCountry "TUR"]
[SourceTitle "playchess.com"]
[Source "ChessBase"]
[SourceQuality "1"]

1. e4 c5 2. Nc3 g6 3. g3 Nc6 4. Bg2 Bg7 5. d3 e6 6. Be3 b6 7. Qd2 h6 8. Nge2 Nge7 9. d4 d5 10. exd5 exd5 11. Rd1 c4 12. Nf4 Be6 13. O-O O-O 14. Nxe6 fxe6 15. Bxh6 Nf5 16. Bxg7 Kxg7 17. Ne2 Rh8 18. c3 Rc8 19. Qf4 *

[Event "WY U-16 Chess Olympiad 2019"]
[Site "Corum"]
[Date "2019.10.31"]
[Round "4"]
[White "Shaw, Laurie Ann"]
[Black "Schonken, Christina"]
[Result "1-0"]
[WhiteElo "1274"]
[BlackElo "1166"]
[Annotator "NA"]
[PlyCount "99"]
[EventDate "2019.10.28"]
[EventType "team-tourn"]
[EventCountry "TUR"]
[SourceTitle "playchess.com"]
[Source "ChessBase"]
[SourceQuality "1"]

1. d4 d5 2. c4 e6 3. Nc3 Nf6 4. cxd5 exd5 5. Bg5 c6 6. e3 Be7 7. Bd3 O-O 8. Qc2 Nbd7 9. Nf3 h6 10. Bh4 Ne4 11. Bxe7 Qxe7 12. Nxe4 dxe4 13. Bxe4 Nf6 14. Bd3 Re8 15. O-O Bg4 16. Ne5 Bd7 17. Bc4 Be6 18. Rac1 Rad8 19. Qb3 Nd5 20. Rfd1 b5 21. Nxc6 Qf6 22. Qxb5 Nc7 23. Qe5 Qxe5 24. Nxe5 Bxc4 25. Nxc4 Nd5 26. a3 Rb8 27. b4 Rec8 28. e4 Nf6 29. f3 Rc7 30. Nd6 Rd7 31. Rc8+ Rxc8 32. Nxc8 Kf8 33. e5 Nd5 34. Rc1 g6 35. Nd6 Ke7 36. Rc8 Rd8 37. Rxd8 Kxd8 38. Nxf7+ Ke7 39. Nxh6 Ne3 40. Kf2 Nc2 41. d5 Nxa3 42. Ng8+ Kd7 43. e6+ Ke8 44. d6 Nc4 45. Nf6+ Kf8 46. e7+ Kg7 47. e8=Q Nxd6 48. Qe7+ Nf7 49. Ne8+ Kh6 50. Qh4# 1-0

[Event "WY U-16 Chess Olympiad 2019"]
[Site "Corum"]
[Date "2019.10.31"]
[Round "4"]
[White "Watkins, Rachel Jane"]
[Black "Koc, Azra Ece"]
[Result "0-1"]
[WhiteElo "1212"]
[BlackElo "1860"]
[Annotator "NA"]
[PlyCount "78"]
[EventDate "2019.10.28"]
[EventType "team-tourn"]
[EventCountry "TUR"]
[SourceTitle "playchess.com"]
[Source "ChessBase"]
[SourceQuality "1"]

1. e4 c6 2. d4 d5 3. exd5 cxd5 4. c4 Nf6 5. Nf3 Nc6 6. Be2 Bg4 7. Nbd2 e6 8. h3 Bf5 9. O-O Be7 10. Nb3 O-O 11. Bf4 Ne4 12. Rc1 a5 13. Nbd2 Qb6 14. Qb3 Qxb3 15. Nxb3 a4 16. Nbd2 a3 17. b3 Bf6 18. Rfd1 Nb4 19. Nxe4 dxe4 20. Ne1 Nxa2 21. Rc2 Nb4 22. Rcc1 Rfd8 23. Be3 a2 24. Ra1 h6 25. Rd2 Ra3 26. Bd1 Nd3 27. Kf1 Ra6 28. Raxa2 Rxa2 29. Rxa2 Bxd4 30. Bxd4 Rxd4 31. Rd2 e5 32. Bc2 Nf4 33. Rd1 Bg6 34. Rxd4 exd4 35. f3 d3 36. Bxd3 exd3 37. Kf2 d2 38. Nd3 d1=Q 39. Nxf4 Qxb3 0-1

[Event "WY U-16 Chess Olympiad 2019"]
[Site "Corum"]
[Date "2019.10.31"]
[Round "4"]
[White "Mohamed Ali S"]
[Black "Schnabel, Johann Emil"]
[Result "0-1"]
[WhiteElo "1073"]
[BlackElo "1708"]
[Annotator "NA"]
[PlyCount "64"]
[EventDate "2019.10.28"]
[EventType "team-tourn"]
[EventCountry "TUR"]
[SourceTitle "playchess.com"]
[Source "ChessBase"]
[SourceQuality "1"]

1. e4 c5 2. Nf3 Nc6 3. Bc4 g6 4. d4 cxd4 5. Nxd4 Bg7 6. Nxc6 bxc6 7. O-O Nf6 8. Nc3 O-O 9. Re1 d6 10. h3 Qc7 11. Bf4 Nd7 12. Qf3 Ne5 13. Bxe5 Bxe5 14. Rad1 Qa5 15. a3 Rb8 16. Rb1 Qc5 17. Ba2 Be6 18. Bxe6 fxe6 19. Qe3 Bd4 20. Na4 Bxe3 21. Nxc5 Bxf2+ 22. Kh1 Bxe1 23. Rxe1 dxc5 24. b3 Rbd8 25. c4 Rf2 26. Kg1 Rdd2 27. Kh2 Rxg2+ 28. Kh1 Rh2+ 29. Kg1 Rxh3 30. Rf1 h5 31. Rf2 Rxf2 32. Kxf2 Rxb3 0-1

[Event "WY U-16 Chess Olympiad 2019"]
[Site "Corum"]
[Date "2019.11.01"]
[Round "5"]
[White "Sindarov, Javokhir"]
[Black "Ke, Ivan"]
[Result "1/2-1/2"]
[WhiteElo "2513"]
[BlackElo "2321"]
[Annotator "ChessBase"]
[PlyCount "162"]
[EventDate "2019.10.28"]
[EventType "team-tourn"]
[EventCountry "TUR"]
[SourceTitle "playchess.com"]
[Source "ChessBase"]
[SourceQuality "1"]

1. e4 e5 2. Nf3 Nc6 3. Bb5 Nf6 4. d3 d6 5. c3 Bd7 6. O-O g6 7. Re1 Bg7 8. Nbd2 O-O 9. Nf1 Nd4 10. cxd4 Bxb5 11. a4 Ba6 12. b4 c6 13. Bb2 b6 14. dxe5 Nd7 15. Nd4 Nxe5 16. b5 c5 17. bxa6 cxd4 18. Bxd4 Nf3+ 19. Qxf3 Bxd4 20. Rac1 Rc8 21. Ne3 Qd7 22. Nd5 Kg7 23. h4 h5 24. g3 Qxa4 25. Kg2 Qxa6 26. e5 Bxe5 27. Rxe5 dxe5 28. Qf6+ Kh7 29. Qe7 Qxd3 30. Nf6+ Kh6 31. Rxc8 Rxc8 32. Qxf7 Rh8 33. g4 hxg4 34. Nxg4+ Kh5 35. Qe7 Qf5 36. f3 g5 37. Qg7 Rh7 38. Qg8 Kxh4 39. Ne3 Qf7 40. Qc8 Kh5 41. Qg4+ Kh6 42. Qe4 Kg7 43. Ng4 Qe6 44. Qb7+ Kg8 45. Qb8+ Kg7 46. Qb7+ Qf7 47. Qe4 Qe7 48. Ne3 Qe6 49. Qb7+ Kg6 50. Qe4+ Kg7 51. Qb7+ Kg8 52. Qa8+ Kf7 53. Qb7+ Qe7 54. Qd5+ Kf8 55. Ng4 Rf7 56. Nxe5 Rf6 57. Nd7+ Kg7 58. Nxf6 Qxf6 59. Qd7+ Qf7 60. Qd4+ Kg6 61. Qe4+ Kh6 62. Qc6+ Kh5 63. Kg3 Qf4+ 64. Kg2 Qe5 65. Qd7 Qe2+ 66. Kg3 Qe1+ 67. Kg2 Qe2+ 68. Kg3 Qe1+ 69. Kg2 Qb1 70. Qh3+ Kg6 71. Qe6+ Kg7 72. Qe7+ Kh6 73. Qxa7 Qc2+ 74. Kg3 Qc5 75. Qb8 Kg7 76. Kg4 Kf6 77. Qh8+ Ke6 78. Qh6+ Kf7 79. Qxg5 Qxg5+ 80. Kxg5 b5 81. Kf4 b4 1/2-1/2

[Event "WY U-16 Chess Olympiad 2019"]
[Site "Corum"]
[Date "2019.11.01"]
[Round "5"]
[White "Alexakis, Dimitris"]
[Black "Nalbant, Tuna Onat"]
[Result "1-0"]
[WhiteElo "2459"]
[BlackElo "2401"]
[Annotator "ChessBase"]
[PlyCount "111"]
[EventDate "2019.10.28"]
[EventType "team-tourn"]
[EventCountry "TUR"]
[SourceTitle "playchess.com"]
[Source "ChessBase"]
[SourceQuality "1"]

1. e4 c5 2. Nf3 d6 3. d4 cxd4 4. Nxd4 Nf6 5. Nc3 a6 6. Bg5 e6 7. f4 Qb6 8. a3 Nbd7 9. Be2 Be7 10. Nb3 h6 11. Bxf6 Bxf6 12. Qd2 Nc5 13. Qe3 Na4 14. Qxb6 Bxc3+ 15. bxc3 Nxb6 16. O-O-O Ke7 17. Rd4 a5 18. Rhd1 Rd8 19. c4 a4 20. Nc5 Ra5 21. Nd3 Rd7 22. Kd2 d5 23. Ne5 Rc7 24. cxd5 exd5 25. Rb1 Nc4+ 26. Nxc4 dxc4 27. Rxc4 Rxc4 28. Bxc4 Rc5 29. Kc3 Rc7 30. Kd4 f6 31. c3 g5 32. g3 Bd7 33. Bd5 b5 34. h4 gxf4 35. gxf4 h5 36. e5 Rc8 37. Re1 Rd8 38. exf6+ Kxf6 39. Re5 Bg4 40. Kc5 Rc8+ 41. Kb4 Bd1 42. Ba2 Bb3 43. Bxb3 axb3 44. Kxb3 Rc4 45. Rxb5 Rxf4 46. Rxh5 Kg6 47. Rg5+ Kf6 48. Rh5 Kg6 49. Rh8 Kg7 50. Ra8 Rxh4 51. a4 Rh1 52. a5 Ra1 53. a6 Kf7 54. c4 Ke7 55. a7 Kd7 56. Rh8 1-0

[Event "WY U-16 Chess Olympiad 2019"]
[Site "Corum"]
[Date "2019.11.01"]
[Round "5"]
[White "Murzin, Volodar"]
[Black "Gharibyan, Mamikon"]
[Result "1/2-1/2"]
[WhiteElo "2433"]
[BlackElo "2388"]
[Annotator "NA"]
[PlyCount "101"]
[EventDate "2019.10.28"]
[EventType "team-tourn"]
[EventCountry "TUR"]
[SourceTitle "playchess.com"]
[Source "ChessBase"]
[SourceQuality "1"]

1. e4 e5 2. Nf3 Nc6 3. Bb5 a6 4. Ba4 Nf6 5. O-O Nxe4 6. d4 b5 7. Bb3 d5 8. dxe5 Be6 9. Nbd2 Be7 10. c3 O-O 11. Bc2 f5 12. Nb3 Qd7 13. Nbd4 Nd8 14. Bb3 c6 15. a4 Rb8 16. axb5 axb5 17. Ne2 Bf7 18. Nfd4 g6 19. Nf4 Nc5 20. Be3 Nde6 21. Nfxe6 Nxe6 22. Nxe6 Bxe6 23. f4 Ra8 24. Qd2 c5 25. Rfd1 c4 26. Bc2 b4 27. cxb4 Qb5 28. Bd4 Qxb4 29. Qxb4 Bxb4 30. Kf2 Kf7 31. Ke3 Ke7 32. b3 cxb3 33. Bxb3 Rfb8 34. Bc2 Kf8 35. Rdb1 Be7 36. Bd3 Rc8 37. g3 Rxa1 38. Rxa1 Rc7 39. Ra8+ Kf7 40. Bb5 Rc8 41. Ra7 Kf8 42. Bd7 Bxd7 43. Rxd7 Kf7 44. Rxd5 Ra8 45. Kf3 Rd8 46. Ke2 Ke6 47. Kd3 Kxd5 48. Bf2 Bb4 49. Be3 Ba5 50. Bd2 Bb6 51. Be3 1/2-1/2

[Event "WY U-16 Chess Olympiad 2019"]
[Site "Corum"]
[Date "2019.11.01"]
[Round "5"]
[White "Budisavljevic, Luka"]
[Black "Nurmamedov, Azat"]
[Result "0-1"]
[WhiteElo "2432"]
[BlackElo "2368"]
[Annotator "NA"]
[PlyCount "108"]
[EventDate "2019.10.28"]
[EventType "team-tourn"]
[EventCountry "TUR"]
[SourceTitle "playchess.com"]
[Source "ChessBase"]
[SourceQuality "1"]

1. d4 Nf6 2. Nf3 e6 3. Bg5 c5 4. d5 Qa5+ 5. Bd2 Qb6 6. c4 d6 7. Nc3 Be7 8. e4 O-O 9. Bd3 exd5 10. cxd5 Bg4 11. Be2 Nbd7 12. O-O Rfe8 13. Qc2 Bf8 14. Bf4 Rac8 15. Rfe1 c4 16. Be3 Qa5 17. Nd4 Bxe2 18. Rxe2 Nc5 19. f3 g6 20. Kh1 a6 21. Bg1 Bg7 22. f4 Nd3 23. Rf1 Nd7 24. Qd2 N7c5 25. f5 Qd8 26. Qe3 b5 27. f6 Bxf6 28. Nc6 Rxc6 29. dxc6 Bxc3 30. bxc3 Rxe4 31. Qd2 Qe8 32. Rxe4 Nxe4 33. Qh6 Qxc6 34. Bd4 Ne5 35. Qf4 Qd5 36. Re1 f5 37. Qh6 b4 38. Rb1 Nxc3 39. Rxb4 Nb5 40. Bg1 Nd3 41. Rb1 c3 42. Be3 c2 43. Rf1 Qe4 44. Qg5 Kf7 45. h4 Nc3 46. h5 Nd1 47. Bd2 N1f2+ 48. Kg1 Ng4 49. hxg6+ hxg6 50. Qd8 Qd4+ 51. Kh1 Ndf2+ 52. Rxf2 Nxf2+ 53. Kh2 Ng4+ 54. Kh1 c1=Q+ 0-1

[Event "WY U-16 Chess Olympiad 2019"]
[Site "Corum"]
[Date "2019.11.01"]
[Round "5"]
[White "Suleymanli, Aydin"]
[Black "Cohen Revivo, Shoham"]
[Result "1-0"]
[WhiteElo "2426"]
[BlackElo "2295"]
[Annotator "NA"]
[PlyCount "67"]
[EventDate "2019.10.28"]
[EventType "team-tourn"]
[EventCountry "TUR"]
[SourceTitle "playchess.com"]
[Source "ChessBase"]
[SourceQuality "1"]

1. d4 Nf6 2. c4 c5 3. d5 b5 4. cxb5 a6 5. b6 d6 6. Nc3 Nbd7 7. a4 Qxb6 8. Nf3 g6 9. e4 Bg7 10. Be2 a5 11. Nd2 Ba6 12. Nb5 O-O 13. O-O Rfb8 14. Ra3 Qd8 15. Rh3 Ne8 16. Nb1 Nc7 17. N1a3 Nxb5 18. Nxb5 Nb6 19. b3 Bc8 20. Rg3 f5 21. exf5 Bxf5 22. Bg5 Qd7 23. Re3 e6 24. dxe6 Bxe6 25. Qxd6 Qxd6 26. Nxd6 Bd5 27. Rd3 Bc6 28. Rc1 Nd5 29. Rxc5 Nb4 30. Rd1 h6 31. Bd2 Bd7 32. Bc4+ Kh7 33. Rc7 Bg4 34. Bc3 1-0

[Event "WY U-16 Chess Olympiad 2019"]
[Site "Corum"]
[Date "2019.11.01"]
[Round "5"]
[White "Shubin, Kirill"]
[Black "Sargsyan, Tigran R."]
[Result "1-0"]
[WhiteElo "2416"]
[BlackElo "2321"]
[Annotator "NA"]
[PlyCount "87"]
[EventDate "2019.10.28"]
[EventType "team-tourn"]
[EventCountry "TUR"]
[SourceTitle "playchess.com"]
[Source "ChessBase"]
[SourceQuality "1"]

1. e4 c6 2. d4 d5 3. exd5 cxd5 4. Bd3 Nf6 5. c3 Bg4 6. Qc2 Qc7 7. Ne2 e6 8. Bf4 Bd6 9. Bxd6 Qxd6 10. O-O Nc6 11. Na3 a6 12. Qd2 Bh5 13. Nc2 Bg6 14. Nf4 Bxd3 15. Nxd3 O-O 16. Rfe1 Nd7 17. Re2 Rfe8 18. Rae1 Rad8 19. Qg5 h6 20. Qh4 Ne7 21. Ne3 Ng6 22. Qh3 a5 23. Ng4 a4 24. a3 Qe7 25. Qg3 Qh4 26. Qxh4 Nxh4 27. f4 Nf5 28. Nge5 b6 29. g4 Nd6 30. Nxd7 Rxd7 31. f5 Ne4 32. Nf2 Nxf2 33. Kxf2 Rde7 34. Kf3 Kf8 35. Kf4 b5 36. h3 g5+ 37. fxg6 fxg6 38. Ke5 Kg7 39. Rf1 Rf7 40. Rf6 b4 41. axb4 a3 42. bxa3 Ra8 43. Rf3 Rxa3 44. Kxe6 1-0

[Event "WY U-16 Chess Olympiad 2019"]
[Site "Corum"]
[Date "2019.11.01"]
[Round "5"]
[White "Larkin, Vladyslav"]
[Black "Pobor, Milo"]
[Result "1-0"]
[WhiteElo "2405"]
[BlackElo "2064"]
[Annotator "NA"]
[PlyCount "51"]
[EventDate "2019.10.28"]
[EventType "team-tourn"]
[EventCountry "TUR"]
[SourceTitle "playchess.com"]
[Source "ChessBase"]
[SourceQuality "1"]

1. d4 Nf6 2. Nf3 g6 3. Bf4 Bg7 4. e3 O-O 5. h3 d6 6. Be2 c5 7. c3 Nc6 8. dxc5 dxc5 9. Nbd2 Nd5 10. Bh2 e5 11. O-O Nc7 12. Nc4 Qe7 13. Qd6 Qxd6 14. Nxd6 b6 15. a4 f6 16. Nb5 Ne6 17. Bc4 Na5 18. Bd5 Rb8 19. b4 Nb7 20. Nxa7 Bd7 21. Rfd1 Kh8 22. Bb3 Rfd8 23. Bd5 Ra8 24. Nc6 Rdc8 25. Ncxe5 fxe5 26. Bxb7 1-0

[Event "WY U-16 Chess Olympiad 2019"]
[Site "Corum"]
[Date "2019.11.01"]
[Round "5"]
[White "Tanriverdi, Enes"]
[Black "Spyropoulos, Nikolaos"]
[Result "1/2-1/2"]
[WhiteElo "2401"]
[BlackElo "2409"]
[Annotator "NA"]
[PlyCount "69"]
[EventDate "2019.10.28"]
[EventType "team-tourn"]
[EventCountry "TUR"]
[SourceTitle "playchess.com"]
[Source "ChessBase"]
[SourceQuality "1"]

1. d4 e6 2. c4 f5 3. Nf3 Nf6 4. g3 d5 5. Bg2 Bd6 6. O-O c6 7. b3 Qe7 8. Bb2 b6 9. Qc2 O-O 10. Ne5 Bb7 11. Nd2 a5 12. Rfc1 Na6 13. Nd3 Rac8 14. c5 bxc5 15. dxc5 Bc7 16. Nf3 Nb4 17. Nxb4 axb4 18. Be5 Bxe5 19. Nxe5 Ng4 20. Nd3 e5 21. h3 Nf6 22. e3 Ne4 23. Nxb4 Qg5 24. h4 Qg6 25. Nd3 Rce8 26. Qb2 Ba6 27. Nxe5 Qf6 28. f4 Nxg3 29. Re1 Qxh4 30. Qf2 Rf6 31. Nf3 Qg4 32. Ne5 Qh4 33. Nf3 Qg4 34. Ne5 Qh4 35. Nf3 1/2-1/2

[Event "WY U-16 Chess Olympiad 2019"]
[Site "Corum"]
[Date "2019.11.01"]
[Round "5"]
[White "Nogerbek, Kazybek"]
[Black "Lazavik, Denis"]
[Result "1/2-1/2"]
[WhiteElo "2387"]
[BlackElo "2368"]
[Annotator "NA"]
[PlyCount "88"]
[EventDate "2019.10.28"]
[EventType "team-tourn"]
[EventCountry "TUR"]
[SourceTitle "playchess.com"]
[Source "ChessBase"]
[SourceQuality "1"]

1. e4 e5 2. Nf3 Nc6 3. Bb5 a6 4. Ba4 Nf6 5. O-O Be7 6. Re1 b5 7. Bb3 d6 8. c3 O-O 9. h3 Bb7 10. d4 Re8 11. Nbd2 Bf8 12. a3 h6 13. d5 Nb8 14. Nh2 Nbd7 15. Ng4 c6 16. dxc6 Bxc6 17. Qf3 Nc5 18. Nxf6+ Qxf6 19. Qxf6 gxf6 20. Ba2 Red8 21. b4 Ne6 22. Nf1 d5 23. exd5 Bxd5 24. Bxd5 Rxd5 25. Ne3 Rd3 26. Ng4 f5 27. Nxe5 Rxc3 28. Nd7 Bg7 29. Bb2 Rc7 30. Nf6+ Bxf6 31. Bxf6 Rd7 32. a4 bxa4 33. Rxa4 Rb8 34. Rc1 Rb6 35. Be5 Rd5 36. Ra5 Rxa5 37. bxa5 Rb5 38. Rc8+ Kh7 39. Bc3 f4 40. Ra8 Rc5 41. Bb4 Rb5 42. Bc3 Rc5 43. Bb4 Rb5 44. Bc3 Rc5 1/2-1/2

[Event "WY U-16 Chess Olympiad 2019"]
[Site "Corum"]
[Date "2019.11.01"]
[Round "5"]
[White "Barseghyan, Armen Ar."]
[Black "Makarian, Rudik"]
[Result "1-0"]
[WhiteElo "2381"]
[BlackElo "2386"]
[Annotator "NA"]
[PlyCount "83"]
[EventDate "2019.10.28"]
[EventType "team-tourn"]
[EventCountry "TUR"]
[SourceTitle "playchess.com"]
[Source "ChessBase"]
[SourceQuality "1"]

1. d4 Nf6 2. Nf3 g6 3. g3 Bg7 4. Bg2 c5 5. c4 cxd4 6. Nxd4 h5 7. Nf3 Nc6 8. Nc3 d6 9. O-O O-O 10. Bf4 Be6 11. b3 Nd7 12. Qd2 Nc5 13. Bh6 a5 14. Bxg7 Kxg7 15. Qb2 f6 16. Nd5 b5 17. Nf4 bxc4 18. Ng5 Bg8 19. Bxc6 e5 20. Bxa8 fxg5 21. Bd5 gxf4 22. Bxg8 Kxg8 23. Qc2 Kg7 24. Qxc4 h4 25. Rad1 hxg3 26. fxg3 Qb6 27. Kh1 g5 28. Qd5 Rd8 29. gxf4 gxf4 30. e3 Qb7 31. exf4 Qxd5+ 32. Rxd5 e4 33. Rc1 Nd3 34. Rc6 Re8 35. Rdxd6 Nxf4 36. Rd7+ Kg8 37. Rdc7 Re5 38. Rb7 Re8 39. Rcc7 e3 40. Rg7+ Kh8 41. Rh7+ Kg8 42. Rbg7+ 1-0